OSCE in Pediatrics: For Postgraduates and Practitioners (Record no. 365616)

MARC details
000 -LEADER
fixed length control field 00542 a2200193 4500
003 - CONTROL NUMBER IDENTIFIER
control field OSt
005 - DATE AND TIME OF LATEST TRANSACTION
control field 20250331162645.0
008 - FIXED-LENGTH DATA ELEMENTS--GENERAL INFORMATION
fixed length control field 250319b |||||||| |||| 00| 0 eng d
020 ## - INTERNATIONAL STANDARD BOOK NUMBER
International Standard Book Number 9789356968738
100 ## - MAIN ENTRY--PERSONAL NAME
Personal name Thangavelu, S.
9 (RLIN) 211654
245 ## - TITLE STATEMENT
Title OSCE in Pediatrics: For Postgraduates and Practitioners
250 ## - EDITION STATEMENT
Edition statement 1st
260 ## - PUBLICATION, DISTRIBUTION, ETC. (IMPRINT)
Name of publisher, distributor, etc. Jaypee Brothers Medical Publishers
Date of publication, distribution, etc. 2024
Place of publication, distribution, etc. New Delhi
300 ## - PHYSICAL DESCRIPTION
Extent 776P.
610 ## - SUBJECT ADDED ENTRY--CORPORATE NAME
Source of heading or term Pediatric Nursing
650 ## - SUBJECT ADDED ENTRY--TOPICAL TERM
Topical term or geographic name as entry element Child Health Nursing
700 ## - ADDED ENTRY--PERSONAL NAME
Personal name Nedunchelian, K.
9 (RLIN) 211655
942 ## - ADDED ENTRY ELEMENTS (KOHA)
Source of classification or shelving scheme Dewey Decimal Classification
Koha item type Books
Holdings
Withdrawn status Lost status Source of classification or shelving scheme Damaged status Not for loan Home library Current library Date acquired Vendor Cost, normal purchase price Total Checkouts Full call number Barcode Date last seen Date last checked out Cost, replacement price Bill Date Koha item type
    Dewey Decimal Classification     Sitabai Nargundkar College of Nursing Nagpur Sitabai Nargundkar College of Nursing Nagpur 19/03/2025 102 1186.50 1 618.92 /THA SNCN-BK-3583 12/08/2025 02/08/2025 1695.00 19/03/2025 Books